00613 a2200181 450000100060000002000150000604000220002110000200004324000480006324500430011130000070015436200090016165000230017094200070019395201130020095201010031399900170041457189 a8532200346 cAnchieta - Pituba aBandeira, Pedro10aO fantástico mistério de Feiurinhalpor10aO fantástico mistério de Feiurinha a960 a1999 4aLiteratura juvenil cBK 00104070a91.1b91.1d2023-11-21l0oLJ 028.5 B214f BAN FANp7082/PITr2023-11-21 18:24:49w2023-11-21yBK 00102ddc4070a57.2b57.2d2024-07-15l0pfm335r2024-07-15 15:06:29w2024-07-15yBKzFD2/EMu c57189d57189